El desarrollo económico de Costa Rica: sector público de la economía costarricense /
محفوظ في:
| مؤلف مشترك: | |
|---|---|
| التنسيق: | نص |
| الوسوم: |
إضافة وسم
لا توجد وسوم, كن أول من يضع وسما على هذه التسجيلة!
|
MARC
| LEADER | 00000 a a2200000 04500 | ||
|---|---|---|---|
| 001 | 42854 | ||
| 003 | |||
| 040 | |||
| 110 | |a Proyecto de Investigación del Desarrollo Económico de Costa Rica | ||
| 245 | |a El desarrollo económico de Costa Rica: |b sector público de la economía costarricense / |c Proyecto de Investigación del Desarrollo Económico de Costa Rica | ||
| 500 | |a Fecha de publicación 1961 | ||
| 773 | |g volumen1, número 4, 107 páginas : tablas, gráficos | ||
| 999 | |c 27704 |d 27704 | ||
